| 000 | 01241ny a22002653n 4500 | ||
|---|---|---|---|
| 005 | 20240305165323.0 | ||
| 008 | 100806s2010 sp r 000 0|spa d | ||
| 035 | _a4987 | ||
| 040 |
_aBUS _dvLex |
||
| 090 |
_c932 _d932 |
||
| 100 | 1 | _aRomero Candau, Pedro A. | |
| 245 | 1 | 0 |
_aAnales de la Academia Sevillana del Notariado _h[Recurso electrónico] _pTomo 19: _bConferencias del curso académico 2007-2008 / _cPedro Romero Candau, Ricardo Cabanas Trejo |
| 256 | _aServicio en línea | ||
| 260 |
_aSevilla : _bAcademia Sevillana del Notariado, _c2009 |
||
| 506 | 1 |
_aContenido solo disponible en los productos indicados _dvLex Global _dvLex Global (Academic Edition, excluding Law Schools) _dvLex Global (U.S. Academic Edition, Law Schools) _dvLex Global (U.S. Academic Edition, excluding Law Schools) _dvLex Global (Academic Edition, Law Schools) |
|
| 650 | 0 | 7 |
_aDerecho civil _2Tesauro vLex |
| 650 | 0 | 7 |
_aDerecho mercantil _2Tesauro vLex |
| 650 | 0 | 7 |
_aJurisdicción voluntaria _2Tesauro vLex |
| 650 | 0 | 7 |
_aNotariado _2Tesauro vLex |
| 700 | 1 |
_aCabanas Trejo, Ricardo, _ecoaut. |
|
| 710 | 2 | _aAcademia Sevillana del Notariado | |
| 740 | 0 | _avLex Libros (Servicios en línea) | |
| 856 | 4 | 0 | _uhttps://app.vlex.com/#/sources/4987 |
| 942 | _cRAA | ||
| 999 |
_c159440 _d159440 |
||